Scramble for Africa Quiz Stats

 Plays Quiz not verified by Sporcle

Support Sporcle.
Go Orange.
Score 0/54 Timer 05:00
0 Plays Today
% Correct
Cote d'Ivoire
75.6%
Algeria
68.9%
Tunisia
68.9%
Senegal
68.9%
Mali
66.7%
Kenya
66.7%
Burkina Faso
64.4%
Cameroon
64.4%
Chad
64.4%
Djibouti
64.4%
Madagascar
64.4%
Niger
64.4%
Zimbabwe
64.4%
Egypt
62.2%
Nigeria
62.2%
Benin
60%
Central African Republic
60%
Gabon
60%
Mauritania
60%
South Africa
60%
Swaziland
60%
Democratic Republic of the Congo
60%
Botswana
57.8%
Republic of the Congo
55.6%
Guinea
55.6%
Morocco
55.6%
Gambia
55.6%
% Correct
Ghana
55.6%
Uganda
55.6%
Angola
55.6%
Mozambique
55.6%
Lesotho
53.3%
Zambia
53.3%
Seychelles
48.9%
Cabo Verde
48.9%
Ethiopia
48.9%
Togo
46.7%
Sierra Leone
46.7%
Sudan
46.7%
Sao Tome and Principe
46.7%
Mauritius
44.4%
Comoros
42.2%
Tanzania
42.2%
Rwanda
40%
Eritrea
40%
Guinea-Bissau
37.8%
Equatorial Guinea
37.8%
Liberia
37.8%
Libya
35.6%
Somalia
33.3%
Namibia
33.3%
Western Sahara
31.1%
Burundi
28.9%
Malawi
15.6%

You're not logged in!

Compare scores with friends on all Sporcle quizzes.
OR
Log In
Remove Ads.
Support Sporcle.
Get the best of Sporcle when you Go Orange. This ad-free experience offers more features, more stats, and more fun while also helping to support Sporcle. Thank you for becoming a member.

Show Comments

Extras

Top Quizzes Today


Score Distribution

Your Account Isn't Verified!

In order to create a playlist on Sporcle, you need to verify the email address you used during registration. Go to your Sporcle Settings to finish the process.

Report this User

Report this user for behavior that violates our Community Guidelines.

Details: